Central Library OPAC University of Rajshahi

Handbook for council clerks / (Record no. 6334)

MARC details
000 -LEADER
fixed length control field 00623nam a22002292 4500
001 - CONTROL NUMBER
control field 6334
003 - CONTROL NUMBER IDENTIFIER
rucl marc code UkOxU
005 - DATE AND TIME OF LATEST TRANSACTION
control field 20211208234227.0
008 - FIXED-LENGTH DATA ELEMENTS--GENERAL INFORMATION
fixed length control field 090114s1965 xx 000 0 eng
035 ## - SYSTEM CONTROL NUMBER
System control number OCLC ocm04897332 from D970514M
040 ## - CATALOGING SOURCE
Original cataloging agency DLC
Transcribing agency CLE
Modifying agency UKM
-- EQO
Language of cataloging eng
041 ## - LANGUAGE CODE
Language code of text/sound track or separate title eng
082 ## - DEWEY DECIMAL CLASSIFICATION NUMBER
Classification number 352.066
Author mark and year FOH 1965
100 1# - MAIN ENTRY--PERSONAL NAME
Personal name Fox, B. V.
9 (RLIN) 19944
245 00 - TITLE STATEMENT
Title Handbook for council clerks /
260 ## - PUBLICATION, DISTRIBUTION, ETC. (IMPRINT)
Place of publication, distribution, etc. London :
Name of publisher, distributor, etc. Oxford University Press,
Date of publication, distribution, etc. 1965
300 ## - PHYSICAL DESCRIPTION
Pagination 111 p.
Illustrations illus.
Size 19 cm.
650 #0 - SUBJECT ADDED ENTRY--TOPICAL TERM
Topical term or geographic name as entry element Local government
Geographic subdivision Africa, West.
9 (RLIN) 19945
942 ## - ADDED ENTRY ELEMENTS (KOHA)
Source of classification or shelving scheme Dewey Decimal Classification
Koha item type Books
Holdings
Lost status Source of classification or shelving scheme Damaged status Not for loan Collection code Permanent Location Current Location Shelving location Date acquired Source of acquisition Cost, normal purchase price Total Checkouts Full call number Date last seen Copy number Koha item type
  Dewey Decimal Classification   Not For Loan Non-fiction Central Library, University of Rajshahi Central Library, University of Rajshahi   26/06/1970 Zeitlinger 15.00   352.066 FOH 1965 09/01/2014 C-1 Books